[Event "Stay Safe Play From Home 144"]
[Site "T#645981Emanuel Laske"]
[Date "2020.05.12"]
[Round "4"]
[White "Edmatuag"]
[Black "rohit2007"]
[Result "0-1"]
[WhiteElo "1725"]
[BlackElo "1994"]
[Annotator "TA"]
[PlyCount "76"]
[EventDate "2020.05.12"]
[EventType "swiss (blitz)"]

{[%evp 16,76,16,18,9,19,40,25,43,31,27,35,38,38,32,28,66,31,41,25,19,26,55,36,35,43,51,50,53,79,78,-123,-77,-77,-66,-83,-76,-65,-44,-104,424,426,652,202,206,204,209,201,221,227,239,237,234,218,205,207,245,241,252,191,216,150,130]} 1. e4 c5 2. Nf3 d6 3. d4 cxd4 4. Nxd4 Nf6 5. Nc3 a6 6. Be2 e5 7. Nb3 Be7 8. O-O O-O 9. Qd3 Nc6 {B92: Sicilian Najdorf: 6 Be2.} 10. a3 Qc7 {[#]} 11. Bd2 $146 ({Predecessor:} 11. Be3 b5 12. Rad1 h6 13. Nd5 Nxd5 14. exd5 Nd8 15. f4 Nb7 16. Bf3 Rb8 17. Ba7 Ra8 18. Be3 Rb8 19. Ba7 Ra8 20. Be3 {½-½ (20) Wozniak,M (2170)-Lach,A (2209) Katowice 2018}) 11... Be6 {White has an edge.} 12. Nd5 Bxd5 13. exd5 Nb8 14. Rac1 Nbd7 15. c4 Ne8 16. Bg4 Nef6 17. Bf5 g6 18. Bh3 e4 19. Qe3 Ne5 20. Ba5 Qb8 21. Bb6 Nfd7 22. Bd4 $36 {[%mdl 2048] Threatens to win with f4. White is on the roll.} f5 23. c5 $2 {[#]} (23. f4 $16 {keeps the pressure on.}) 23... dxc5 24. Nxc5 Nxc5 25. Bxc5 Bxc5 26. Rxc5 Nd3 27. Rc3 {[#]} ({White should try} 27. Rc2 $15) 27... Qe5 $2 {[%mdl 8192] This costs Black the game.} ({Reject} 27... Nxb2 $6 28. f3 $11) (27... Nf4 $1 $17 {[%cal Rf4d5] stays on course.} 28. Rd1 Qe5) 28. Rxd3 $1 $18 {[%mdl 64] Pin} f4 (28... Qd6 $142 29. Rd2 Rfe8) 29. Be6+ $2 (29. Qd4 Qxd4 30. Rxd4) 29... Qxe6 30. dxe6 fxe3 31. Rxe3 {[%mdl 4096] Endgame KRR-KRR} Rf4 32. g3 Rf3 33. Rxe4 Re8 34. Kg2 Rb3 35. Re2 Re7 36. f4 Kg7 37. Rfe1 Kf6 38. Kf2 a5 {[%mdl 32768] Accuracy: White = 61%, Black = 59%. . Loss on time!?} 0-1

[Event "Stay Safe Play From Home 144"]
[Site "T#645981Emanuel Laske"]
[Date "2020.05.12"]
[Round "4"]
[White "matanant"]
[Black "UHU4"]
[Result "1-0"]
[WhiteElo "1611"]
[BlackElo "1605"]
[Annotator "NA RC"]
[PlyCount "115"]
[EventDate "2020.05.12"]
[EventType "swiss (blitz)"]

1. e4 {[%emt 0:00:02]} d5 {[%emt 0:00:03]} 2. exd5 {[%emt 0:00:01]} Qxd5 {[%emt 0:00:01]} 3. Nc3 {[%emt 0:00:02]} Qa5 {[%emt 0:00:01]} 4. d4 {[%emt 0:00:02]} c6 {[%emt 0:00:01]} 5. Nf3 {[%emt 0:00:02]} Nf6 {[%emt 0:00:01]} 6. Be2 {[%emt 0:00:02]} Bg4 {[%emt 0:00:03]} 7. O-O {[%emt 0:00:02]} e6 {[%emt 0:00:01]} 8. h3 {[%emt 0:00:02]} h5 {[%emt 0:00:01]} 9. Ne5 {[%emt 0:00:03]} Qc7 {[%emt 0:00:05]} 10. hxg4 {[%emt 0:00:03]} hxg4 {[%emt 0:00:01]} 11. Bxg4 {[%emt 0:00:02]} Nbd7 {[%emt 0:00:03]} 12. Bf4 {[%emt 0:00:08]} Bd6 {[%emt 0:00:02]} 13. Bh3 {[%emt 0:00:06]} Nxe5 {[%emt 0:00:03]} 14. dxe5 {[%emt 0:00:01]} Bxe5 {[%emt 0:00:01]} 15. Bxe5 {[%emt 0:00:01]} Qxe5 {[%emt 0:00:01]} 16. Re1 {[%emt 0:00:01]} Qg5 {[%emt 0:00:02]} 17. Qc1 {[%emt 0:00:07]} Qg6 {[%emt 0:00:04]} 18. Qe3 {[%emt 0:00:05]} Rd8 {[%emt 0:00:10]} 19. Rad1 {[%emt 0:00:06]} Rxd1 {[%emt 0:00:05]} 20. Rxd1 {[%emt 0:00:03]} Qxc2 {[%emt 0:00:01]} 21. Qe2 {[%emt 0:00:04]} Qg6 {[%emt 0:00:03]} 22. Qf3 {[%emt 0:00:03]} O-O {[%emt 0:00:02]} 23. g4 {[%emt 0:00:08]} Qc2 {[%emt 0:00:05]} 24. Qe2 {[%emt 0:00:03]} Qg6 {[%emt 0:00:08]} 25. Rd3 {[%emt 0:00:11]} Nh5 {[%emt 0:00:03]} 26. Qe3 {[%emt 0:00:05]} Nf4 {[%emt 0:00:06]} 27. Rd7 {[%emt 0:00:08]} Nd5 {[%emt 0:00:13]} 28. Nxd5 {[%emt 0:00:02]} cxd5 {[%emt 0:00:01]} 29. Qc1 {[%emt 0:00:08]} Qd3 {[%emt 0:00:04]} 30. Bf1 {[%emt 0:00:06]} Qe4 {[%emt 0:00:06]} 31. Qd1 {[%emt 0:00:06]} Rc8 {[%emt 0:00:09]} 32. Bg2 {[%emt 0:00:02]} Qb4 {[%emt 0:00:11]} 33. Qf3 {[%emt 0:00:10]} Rf8 {[%emt 0:00:03]} 34. Qc3 {[%emt 0:00:05]} Qxg4 {[%emt 0:00:03]} 35. Rxb7 {[%emt 0:00:02]} Qd1+ {[%emt 0:00:02]} 36. Kh2 {[%emt 0:00:03]} Qh5+ {[%emt 0:00:02]} 37. Qh3 {[%emt 0:00:03]} Qe5+ {[%emt 0:00:01]} 38. Qg3 {[%emt 0:00:01]} Qh5+ {[%emt 0:00:07]} 39. Kg1 {[%emt 0:00:01]} Qd1+ {[%emt 0:00:02]} 40. Bf1 {[%emt 0:00:01]} Qa4 {[%emt 0:00:03]} 41. a3 {[%emt 0:00:02]} a5 {[%emt 0:00:02]} 42. Qb3 {[%emt 0:00:02]} Qg4+ {[%emt 0:00:03]} 43. Bg2 {[%emt 0:00:01]} d4 {[%emt 0:00:02]} 44. Qf3 {[%emt 0:00:03]} Qg6 {[%emt 0:00:04]} 45. Qe4 {[%emt 0:00:03]} Qf6 {[%emt 0:00:03]} 46. Rd7 {[%emt 0:00:02]} Rc8 {[%emt 0:00:02]} 47. Qxd4 {[%emt 0:00:02]} Qxd4 {[%emt 0:00:03]} 48. Rxd4 {[%emt 0:00:02]} Rc2 {[%emt 0:00:01]} 49. b4 {[%emt 0:00:01]} axb4 {[%emt 0:00:01]} 50. Rxb4 {[%emt 0:00:01]} Ra2 {[%emt 0:00:04]} 51. a4 {[%emt 0:00:00]} g6 {[%emt 0:00:01]} 52. Bc6 {[%emt 0:00:02]} Kg7 {[%emt 0:00:01]} 53. Rb7 {[%emt 0:00:01]} Kf6 {[%emt 0:00:02]} 54. Be8 {[%emt 0:00:00]} Ke5 {[%emt 0:00:02]} 55. Rxf7 {[%emt 0:00:00]} Ra1+ {[%emt 0:00:02]} 56. Kg2 {[%emt 0:00:00]} Rxa4 {[%emt 0:00:04]} 57. Bb5 {[%emt 0:00:00]} Rg4+ {[%emt 0:00:02]} 58. Kf3 {[%emt 0:00:02] Tiempo (Lag: Av=1.10s, max=2.4s) '} 1-0

[Event "Stay Safe Play From Home 144"]
[Site "T#645981Emanuel Laske"]
[Date "2020.05.12"]
[Round "4"]
[White "Timbre"]
[Black "Bodar"]
[Result "0-1"]
[WhiteElo "1578"]
[BlackElo "1970"]
[Annotator "TA"]
[PlyCount "68"]
[EventDate "2020.05.12"]
[EventType "swiss (blitz)"]

{[%evp 9,68,23,26,26,27,16,45,19,16,14,15,9,37,3,35,0,59,-1,237,225,360,0,0,0,47,-38,264,-257,-218,-331,-191,-291,-206,-195,-189,-196,-197,-481,-498,-485,-487,-457,-460,-507,-503,-488,-330,-384,-381,-494,-498,-492,-477,-557,-554,-662,-568,-887,-887,-1756,-1717]} 1. d4 a6 2. Nf3 b5 3. c3 Bb7 4. Bf4 e6 {[#]} 5. e3 $146 ({Predecessor:} 5. Nbd2 Nf6 6. e3 c5 7. Bd3 Nc6 8. O-O Qb6 9. a4 c4 10. axb5 axb5 11. Rxa8+ Bxa8 {0-1 (33) Kovacs,M (2151)-Balogh,D (2098) Puspokladany 2014}) 5... Nf6 6. Be2 {A40: Unusual replies to 1 d4.} c5 7. Nbd2 Nc6 8. h3 {White is slightly better.} Be7 9. O-O O-O 10. Bd3 Rc8 11. Qe2 d6 (11... c4 $5 {[%cal Rc4d3]} 12. Bc2 d5 $11) 12. Rad1 Re8 ({Black should play} 12... cxd4 $11 13. exd4 Na5) 13. e4 (13. dxc5 $1 $14 dxc5 14. c4) 13... Bf8 $2 (13... cxd4 $11 {and Black is okay.} 14. Nxd4 Ne5) 14. e5 $1 $18 {[%cal Re5f6]} Nd5 {[#]} (14... dxe5 $142 15. dxe5 c4) 15. Bg3 $2 (15. Bxh7+ $1 $18 {[%mdl 512]} Kh8 (15... Kxh7 16. Ng5+) 16. Ng5 Nxf4 17. Qg4 dxe5 18. Nxf7+ {[%mdl 64] Double Attack} Kxh7 19. Nxd8 Rcxd8 20. dxe5) 15... cxd4 $1 $11 16. cxd4 dxe5 17. Nxe5 (17. dxe5 $14 f5 18. exf6 gxf6 19. Rfe1 (19. Qe4 f5 $15)) 17... Nxd4 $2 {[%mdl 8192] [#]} (17... f5 $15 {stays ahead.} 18. Nxc6 Bxc6) 18. Qe4 $4 {[%mdl 8192]} (18. Bxh7+ $1 $18 {[%mdl 512]} Kxh7 19. Qh5+ {[%mdl 64] Double Attack} Kg8 20. Qxf7+ {[%mdl 64] Double Attack} Kh8 21. Ne4 (21. Qxb7 Kh7 $18)) 18... Nf5 $19 19. Ndf3 (19. Nb3 $142) 19... Ba8 (19... f6 $142 {Hoping for ...Qe7.} 20. Ng4 Qb6 21. Nh6+ gxh6 22. Qg4+ Ng7) 20. Qe2 (20. Qg4 $142 g6 21. h4) 20... Nxg3 21. fxg3 Qb6+ 22. Kh2 {Threatening mate with Bxh7+!} Qe3 {Threatens to win with ...Qxe2.} 23. Qxe3 $2 (23. Rfe1 {was called for.} Qxe2 24. Rxe2) 23... Nxe3 24. Ng5 Nxf1+ 25. Rxf1 f5 26. Bb1 h6 27. Ngf3 Bxf3 28. Nxf3 Bd6 29. Nh4 g5 {Black is clearly winning.} 30. Nf3 Kg7 31. a3 Kf6 32. Ba2 h5 33. Re1 h4 34. Nd4 Bxg3+ {[%mdl 64] Double Attack. Accuracy: White = 27%, Black = 44%.} 0-1

[Event "Stay Safe Play From Home 144"]
[Site "T#645981Emanuel Laske"]
[Date "2020.05.12"]
[Round "4"]
[White "Nagaram"]
[Black "Gibiz144"]
[Result "0-1"]
[WhiteElo "1357"]
[BlackElo "1595"]
[Annotator "NA RC"]
[PlyCount "80"]
[EventDate "2020.05.12"]
[EventType "swiss (blitz)"]

1. e4 {[%emt 0:00:01]} e6 {[%emt 0:00:01]} 2. d4 {[%emt 0:00:02]} b6 {[%emt 0:00:01]} 3. Nc3 {[%emt 0:00:01]} Bb7 {[%emt 0:00:01]} 4. Nf3 {[%emt 0:00:01]} d6 {[%emt 0:00:01]} 5. Bd3 {[%emt 0:00:03]} Ne7 {[%emt 0:00:01]} 6. Bf4 {[%emt 0:00:02]} Nd7 {[%emt 0:00:01]} 7. O-O {[%emt 0:00:02]} g6 {[%emt 0:00:01]} 8. Re1 {[%emt 0:00:01]} Bg7 {[%emt 0:00:01]} 9. e5 {[%emt 0:00:01]} d5 {[%emt 0:00:03]} 10. Bb5 {[%emt 0:00:01]} a6 {[%emt 0:00:02]} 11. Bxd7+ {[%emt 0:00:01]} Qxd7 {[%emt 0:00:01]} 12. a4 {[%emt 0:00:02]} h6 {[%emt 0:00:02]} 13. h3 {[%emt 0:00:04]} c5 {[%emt 0:00:01]} 14. dxc5 {[%emt 0:00:01]} bxc5 {[%emt 0:00:01]} 15. Ne2 {[%emt 0:00:02]} O-O {[%emt 0:00:02]} 16. c4 {[%emt 0:00:01]} d4 {[%emt 0:00:01]} 17. Nc3 {[%emt 0:00:02]} Qc6 {[%emt 0:00:05]} 18. Ne2 {[%emt 0:00:07]} Nf5 {[%emt 0:00:02]} 19. b4 {[%emt 0:00:07]} Rad8 {[%emt 0:00:03]} 20. bxc5 {[%emt 0:00:02]} Qxc5 {[%emt 0:00:03]} 21. Rb1 {[%emt 0:00:01]} Bxf3 {[%emt 0:00:03]} 22. gxf3 {[%emt 0:00:01]} Nh4 {[%emt 0:00:01]} 23. Kh2 {[%emt 0:00:03]} Nxf3+ {[%emt 0:00:02]} 24. Kg2 {[%emt 0:00:02]} Nxe5 {[%emt 0:00:01]} 25. Bxe5 {[%emt 0:00:03]} Qxe5 {[%emt 0:00:01]} 26. Ng3 {[%emt 0:00:01]} Qg5 {[%emt 0:00:04]} 27. Kh2 {[%emt 0:00:04]} Be5 {[%emt 0:00:03]} 28. Rg1 {[%emt 0:00:03]} d3 {[%emt 0:00:04]} 29. Kh1 {[%emt 0:00:01]} Qh4 {[%emt 0:00:03]} 30. Kg2 {[%emt 0:00:05]} Rd4 {[%emt 0:00:04]} 31. Rb6 {[%emt 0:00:04]} Rxc4 {[%emt 0:00:02]} 32. Rxa6 {[%emt 0:00:02]} Rf4 {[%emt 0:00:04]} 33. a5 {[%emt 0:00:03]} Rd8 {[%emt 0:00:04]} 34. Ra7 {[%emt 0:00:02]} Rd5 {[%emt 0:00:04]} 35. a6 {[%emt 0:00:02]} Bd4 {[%emt 0:00:01]} 36. Rf1 {[%emt 0:00:02]} Rg5 {[%emt 0:00:01]} 37. Qxd3 {[%emt 0:00:02]} Bxa7 {[%emt 0:00:02]} 38. Qd7 {[%emt 0:00:03]} Bxf2 {[%emt 0:00:05]} 39. a7 {[%emt 0:00:02]} Qxg3+ {[%emt 0:00:02]} 40. Kh1 {[%emt 0:00:02]} Qxh3# {[%emt 0:00:01] (Lag: Av=0.69s, max=2.0s)} 0-1

[Event "Stay Safe Play From Home 144"]
[Site "T#645981Emanuel Laske"]
[Date "2020.05.12"]
[Round "5"]
[White "Lazieri3"]
[Black "Gmbasti"]
[Result "1-0"]
[WhiteElo "2067"]
[BlackElo "1645"]
[Annotator "RC"]
[PlyCount "93"]
[EventDate "2020.05.12"]
[EventType "swiss (blitz)"]

1. e4 {[%emt 0:00:09]} c5 {[%emt 0:00:01]} 2. Nc3 {[%emt 0:00:01]} e6 {[%emt 0:00:00]} 3. d3 {[%emt 0:00:00]} d5 {[%emt 0:00:01]} 4. Nf3 {[%emt 0:00:00]} dxe4 {[%emt 0:00:01]} 5. dxe4 {[%emt 0:00:01]} Nf6 {[%emt 0:00:01]} 6. Qxd8+ {[%emt 0:00:01]} Kxd8 {[%emt 0:00:01]} 7. Bg5 {[%emt 0:00:01]} Be7 {[%emt 0:00:01]} 8. e5 {[%emt 0:00:02]} Ng4 {[%emt 0:00:04]} 9. O-O-O+ {[%emt 0:00:05]} Nd7 {[%emt 0:00:02]} 10. Bxe7+ {[%emt 0:00:05]} Kxe7 {[%emt 0:00:01]} 11. Ne4 {[%emt 0:00:03]} Ngxe5 {[%emt 0:00:03]} 12. Nxe5 {[%emt 0:00:01]} Nxe5 {[%emt 0:00:01]} 13. Nxc5 {[%emt 0:00:01]} b6 {[%emt 0:00:06]} 14. Nd3 {[%emt 0:00:02]} Nxd3+ {[%emt 0:00:02]} 15. Bxd3 {[%emt 0:00:00]} Bb7 {[%emt 0:00:01]} 16. f3 {[%emt 0:00:01]} Rhd8 {[%emt 0:00:03]} 17. Be4 {[%emt 0:00:01]} Ba6 {[%emt 0:00:03]} 18. b3 {[%emt 0:00:04]} Rac8 {[%emt 0:00:03]} 19. Kb2 {[%emt 0:00:02]} f5 {[%emt 0:00:06]} 20. Bd3 {[%emt 0:00:03]} Bxd3 {[%emt 0:00:04]} 21. Rxd3 {[%emt 0:00:02]} Rxd3 {[%emt 0:00:03]} 22. cxd3 {[%emt 0:00:00]} Kd6 {[%emt 0:00:03]} 23. Re1 {[%emt 0:00:01]} Kd5 {[%emt 0:00:02]} 24. f4 {[%emt 0:00:01]} Rc6 {[%emt 0:00:04]} 25. Re3 {[%emt 0:00:12]} Kd4 {[%emt 0:00:01]} 26. Rh3 {[%emt 0:00:03]} h6 {[%emt 0:00:01]} 27. Rg3 {[%emt 0:00:01]} Rc7 {[%emt 0:00:03]} 28. h4 {[%emt 0:00:04]} a5 {[%emt 0:00:07]} 29. a4 {[%emt 0:00:02]} e5 {[%emt 0:00:03]} 30. fxe5 {[%emt 0:00:02]} Kxe5 {[%emt 0:00:01]} 31. Rg6 {[%emt 0:00:02]} Rb7 {[%emt 0:00:05]} 32. Kc3 {[%emt 0:00:05]} f4 {[%emt 0:00:03]} 33. h5 {[%emt 0:00:06]} Kf5 {[%emt 0:00:03]} 34. d4 {[%emt 0:00:04]} Rc7+ {[%emt 0:00:02]} 35. Kd3 {[%emt 0:00:01]} Re7 {[%emt 0:00:05]} 36. Kc4 {[%emt 0:00:05]} Rc7+ {[%emt 0:00:08]} 37. Kd5 {[%emt 0:00:06]} Rd7+ {[%emt 0:00:06]} 38. Rd6 {[%emt 0:00:02]} Rxd6+ {[%emt 0:00:03]} 39. Kxd6 {[%emt 0:00:00]} Kg4 {[%emt 0:00:09]} 40. Ke5 {[%emt 0:00:03]} Kxh5 {[%emt 0:00:22]} 41. d5 {[%emt 0:00:03]} Kg6 {[%emt 0:00:03]} 42. Ke6 {[%emt 0:00:03]} h5 {[%emt 0:00:11]} 43. d6 {[%emt 0:00:01]} h4 {[%emt 0:00:02]} 44. d7 {[%emt 0:00:01]} h3 {[%emt 0:00:01]} 45. gxh3 {[%emt 0:00:01]} f3 {[%emt 0:00:00]} 46. d8=Q {[%emt 0:00:01]} f2 {[%emt 0:00:01]} 47. Qf8 {[%emt 0:00:01] Gmbasti gibt auf (Lag: Av=0.43s, max=0.6s)} 1-0

[Event "Stay Safe Play From Home 144"]
[Site "T#645981Emanuel Laske"]
[Date "2020.05.12"]
[Round "5"]
[White "Don59as"]
[Black "matanant"]
[Result "1-0"]
[WhiteElo "2025"]
[BlackElo "1628"]
[Annotator "TA"]
[PlyCount "91"]
[EventDate "2020.05.12"]
[EventType "swiss (blitz)"]

{[%evp 16,91,47,47,46,44,53,59,47,45,79,79,77,75,100,91,121,93,99,92,113,116,135,103,91,38,34,12,15,15,24,20,39,23,55,52,59,54,57,0,10,0,71,31,53,5,109,97,345,220,254,177,210,204,444,312,277,148,397,393,388,381,377,375,373,360,485,330,327,298,449,449,441,444,401,337,495,267]} 1. c4 e6 2. e4 c5 3. Nc3 Nc6 4. g3 Nf6 5. Bg2 d6 6. Nge2 Be7 7. O-O O-O 8. d4 cxd4 9. Nxd4 Bd7 {A33: Symmetrical English: 2 Nf3 Nf6 3 d4 cxd4 4 Nxd4 e6 5 Nc3 Nc6.} 10. b3 Nxd4 11. Qxd4 Bc6 {White is slightly better.} 12. Bb2 Ne8 {[#]} 13. Rac1 $146 ({Predecessor:} 13. Rfd1 Qc7 14. Qe3 a6 15. Ne2 e5 16. g4 h6 17. Ng3 Nf6 18. Nf5 Rfd8 19. g5 hxg5 20. Qxg5 {0-1 (28) Starzynski,P (1442)-Jahr,U Poland 2016}) 13... Bf6 14. Qd2 Qc7 15. Rfd1 Rd8 16. Nd5 exd5 17. cxd5 Bxb2 18. Qxb2 Nf6 19. dxc6 bxc6 20. e5 (20. Qc3 $16) 20... dxe5 $14 21. Rxd8 Rxd8 22. Bxc6 Qd6 23. Bf3 e4 24. Be2 h5 25. Rd1 Qb6 26. Rxd8+ Qxd8 27. h3 ({White should try} 27. Qc3 $14) 27... h4 28. g4 Qb6 (28... e3 $11) 29. Qd2 Qc7 30. Bc4 Kh7 (30... Nh7 $1 $11) 31. Qg5 $16 Qd6 $2 (31... Kg8 $16 32. Qxh4 e3) 32. Qxh4+ Kg8 33. Qg3 Qd1+ 34. Kg2 Qd2 $2 (34... Nd5 {was called for.} 35. Kh2 e3) 35. g5 Nh5 {[#]} 36. Qg4 (36. Qe3 $1 $18 Qxe3 37. fxe3) 36... Nf4+ $2 {Now Black is done in.} (36... g6 $16) 37. Kg3 $18 Ng6 {[#]} 38. Bxf7+ $1 {[%mdl 512]} Kxf7 39. Qf5+ Kg8 40. Qxg6 {[%mdl 4096] Endgame KQ-KQ} Qd3+ 41. Kh2 Qf3 42. Qe6+ Kf8 (42... Kh7 {keeps fighting.} 43. g6+ Kh6) 43. Qd6+ Kg8 44. Qg3 {Black must now prevent Qxf3.} Qf5 45. Kg2 g6 (45... Kh7 {is a better defense.} 46. b4 Qb5) 46. h4 {Accuracy: White = 55%, Black = 37%.} (46. Qb8+ $142 Kh7 47. Qxa7+ Kg8 48. Qe3) 1-0

[Event "Stay Safe Play From Home 144"]
[Site "T#645981Emanuel Laske"]
[Date "2020.05.12"]
[Round "5"]
[White "Chessencounter"]
[Black "Haris kollari 13"]
[Result "0-1"]
[WhiteElo "2020"]
[BlackElo "1948"]
[Annotator "TA"]
[PlyCount "106"]
[EventDate "2020.05.12"]
[EventType "swiss (blitz)"]

{[%evp 17,106,13,16,0,0,0,0,0,14,8,16,-25,20,-34,-42,-56,0,0,0,0,40,-83,-81,-93,-91,-92,-64,-62,14,-46,-33,-125,-121,-179,-118,-149,-79,-110,-101,-77,0,-69,-47,-72,5,0,116,0,13,-162,-28,-309,-311,-301,-301,-311,-301,-415,-400,-526,-532,-527,-488,-747,-736,-657,-494,-787,-783,-1261,-1231,-1681,-1177,-12824,-1293,-29963,-5704,-29990,-29991,-29994,-29995,-29995,-29993,-29994,-29991,-29991,-29992,-29993,-29994,-29994,-29995]} 1. e4 e6 2. d4 d5 3. Nc3 Nf6 4. Bg5 Be7 5. e5 Nfd7 6. Bxe7 Qxe7 7. f4 a6 8. Nf3 c5 9. dxc5 Nxc5 10. Be2 {C14: French: Classical System: 4 Bg5 Be7 main line.} Nc6 11. Qd2 b5 12. a3 {The position is equal.} Bb7 13. O-O {[#]} h6 $146 ({Predecessor:} 13... Rd8 14. b4 Ne4 15. Qe3 O-O 16. Rad1 Nxc3 17. Qxc3 Qc7 18. Qc5 Rc8 19. Bd3 Ne7 {½-½ (27) Careaga,R (2000)-Bonferroni,C (2000) ICCF email 2008}) 14. f5 O-O-O 15. Qf4 (15. fxe6 $11 fxe6 16. b4) 15... exf5 $15 16. Rad1 Qe6 (16... d4 $15 17. Qxf5+ Kb8) 17. Nd4 $11 Nxd4 18. Qxd4 Ne4 19. Nxe4 (19. a4 $1 $14 {stays ahead.}) 19... dxe4 $17 20. Qc5+ Kb8 {Strongly threatening ...Rc8.} 21. Rd6 Qc8 22. Qd4 g6 (22... Rxd6 $1 $15 23. exd6 Qxc2) 23. Rd1 (23. a4 $11 bxa4 24. c4) 23... Rxd6 $15 24. Qxd6+ ({Better is} 24. exd6 $15 Rd8 25. c4) 24... Qc7 $17 25. c3 (25. c4 $17) 25... Qxd6 (25... Re8 $1 $19 26. Rd4 Bc6) 26. Rxd6 $19 {[%mdl 4096] Endgame KRB-KRB} Kc7 ({Black should try} 26... Re8 $1 27. c4 bxc4 28. Bxc4 Rxe5) 27. Rf6 Bd5 $1 28. Rxa6 {[#]} Re8 (28... Bc6 $1 $17 29. b4 (29. Ra7+ Bb7 $15) 29... Rd8) 29. Kf2 (29. Bxb5 $11 Rxe5 30. c4) 29... Rxe5 $15 30. Ke3 Bb7 ({Black should play} 30... Bb3 $17) 31. Rf6 $11 Bd5 (31... Re7 $11) 32. Bxb5 (32. Kd4 $16 Re6 33. Rxf7+ Kd6 34. Bxb5) 32... Be6 33. a4 $2 {[#]} (33. Be8 $11) 33... Kd6 (33... Kd8 $1 $19 {aiming for ...Ke7.} 34. Kf4 Rc5) 34. g3 $2 {[%mdl 8192]} (34. Bc4 $1 $11) 34... Ke7 35. Rxe6+ fxe6 $19 {KR-KB} ({Not} 35... Kxe6 36. Bc4+ Kd6 37. Bxf7 $17) 36. b4 Rd5 37. Bc4 Rd1 38. Be2 Ra1 39. a5 g5 40. c4 (40. a6 $142 Kd6 41. Bc4) 40... Kd6 41. c5+ Kc6 42. a6 (42. Kd4 $142 e5+ 43. Kxe5) 42... e5 43. h3 Ra3+ 44. Kf2 f4 45. h4 Ra2 (45... fxg3+ $142 46. Kg1 Ra1+ 47. Kg2 Ra2 48. Kxg3 Rxe2) 46. Ke1 f3 47. Bf1 e3 {[%cal Ra2a1] Black mates.} 48. b5+ Kxc5 {[%cal Ra2a1]} 49. Kd1 Ra1+ 50. Kc2 Rxf1 51. a7 Ra1 52. Kb2 Rxa7 53. b6 {[#]} Rb7 $1 {Accuracy: White = 27%, Black = 54%.} 0-1

[Event "Stay Safe Play From Home 144"]
[Site "T#645981Emanuel Laske"]
[Date "2020.05.12"]
[Round "5"]
[White "rohit2007"]
[Black "Little champs"]
[Result "1-0"]
[WhiteElo "2000"]
[BlackElo "2166"]
[Annotator "TA"]
[PlyCount "107"]
[EventDate "2020.05.12"]
[EventType "swiss (blitz)"]

{[%evp 22,106,46,44,56,45,146,143,143,143,134,147,164,0,223,231,219,59,43,42,50,33,86,88,102,57,89,102,116,128,360,280,280,281,287,272,269,-151,-131,-159,-125,-327,-277,-774,-346,-712,-404,-728,-503,-681,-567,-541,-481,-437,-415,-335,-291,-249,0,0,0,-63,109,104,104,8,1710,435,348,96,106,122,944,900,1076,1045,1046,960,2522,1984,29989,29990,29997,29998,29998,29999,29999]} 1. e4 c5 2. Nf3 d6 3. d4 cxd4 4. Nxd4 g6 5. Nc3 Bg7 6. Be3 Nf6 7. f3 O-O 8. Qd2 Nc6 9. Bc4 Bd7 10. O-O-O Rc8 11. Bb3 Ne5 12. Kb1 a6 {B78: Sicilian Dragon: Yugoslav Attack, 9 Bc4 Bd7 10 0-0-0 Rc8.} 13. h4 $1 b5 (13... h5 $1 $14) 14. h5 $1 $16 Nc4 {White is clearly better.} 15. Bxc4 $1 Rxc4 16. hxg6 fxg6 {[#]} 17. Bh6 $2 {[#]} ({White should try} 17. e5 $1 $18 {[%mdl 512]}) 17... Rf7 $146 (17... Nxe4 $1 $11 {and Black has nothing to worry.} 18. Nxe4 Rxd4) ({Predecessor:} 17... Nxe4 18. Nxe4 Rxd4 19. Qe3 Rxd1+ 20. Rxd1 Bf5 21. Bxg7 Kxg7 22. Rh1 h5 23. Ng5 Qc7 {0-1 (61) Steindl,J (2141)-Rajic,I (1922) Prague 2016}) 18. Bxg7 $18 Rxg7 {[#]} 19. Nd5 $2 (19. e5 $1 $18 {[%cal Re5f6]} Ne8 20. Rhe1) 19... Nxd5 $14 20. exd5 Qa8 21. Qg5 Rc5 (21... b4 $14) 22. Nb3 $36 {[%mdl 2048] Keeping Black busy.} Rc4 23. Rde1 Bf5 24. Rxe7 Bxc2+ 25. Ka1 {Rxg7+ would kill now.} Rc7 $2 (25... Qf8 $16 26. Rxg7+ Qxg7) 26. Rxg7+ Rxg7 27. Nd4 Bd3 28. Ne6 Rf7 29. Rb1 $2 (29. Qe3 $18 Bf5 30. Ng5) 29... Bxb1 $17 30. Kxb1 {[%mdl 4096] Endgame KQR-KQN} Qe8 31. g4 $2 (31. Qe3 $17) 31... Rxf3 $19 {And now ...Rf1+ would win.} 32. a3 $2 (32. Qc1) 32... Rf7 (32... Rf1+ $142 33. Ka2 Qc8) 33. Ka2 $2 (33. Qc1) 33... a5 34. Nd8 (34. Qc1 $142) 34... Re7 35. Nc6 Re2 36. Nxa5 Qe5 {[%csl Ge2][%cal Re5b2]} 37. Qd8+ {[#]} Kg7 $1 {[%csl Ge2][%cal Re5b2]} 38. Qd7+ Qe7 39. Qxb5 Re5 $2 (39... Rg2 $19 40. Nc4 Rxg4) 40. Nc6 $11 Qd7 41. a4 (41. Qb4 $11) 41... Rg5 $2 (41... Re4 $15 {keeps the upper hand.} 42. g5 h6 43. gxh6+ Kxh6) 42. a5 $16 Rxg4 43. a6 Rg1 $2 {[%mdl 8192]} (43... Re4 $11) 44. a7 (44. Qb7 $142 Qxb7 45. axb7) 44... Qf5 $18 {...Qb1+ is the strong threat.} 45. Qb7+ $2 ({Avoid the trap} 45. a8=Q $2 Qb1+ 46. Ka3 (46. Kb3 $2 Rg3+ 47. Kb4 Qxb2+ 48. Ka5 Ra3+ {[%mdl 64] Skewer} 49. Kb6 Qxb5+ 50. Kxb5 Rxa8 $19) 46... Rg3+ 47. Ka4 (47. Kb4 $2 Qxb2+ 48. Ka5 Ra3+ {[%mdl 64] Skewer} 49. Kb6 Qxb5+ 50. Kxb5 Rxa8 $19) 47... Qa2+ 48. Kb4 Qxb2+ 49. Ka5 Ra3+ 50. Kb6 Qxb5+ 51. Kxb5 Rxa8 $19) (45. Qb3 $18 {is more deadly.} Qf1 46. Qb7+ Kh6 47. a8=Q) 45... Kh6 $16 {Hoping for ...Qb1+.} 46. a8=Q Qb1+ $2 {[%mdl 8192]} (46... Qxd5+ $16 47. Qb3 Ra1+ 48. Kxa1 Qxb3 49. Qf8+ {[%mdl 64] Double Attack} Kg5) 47. Kb3 $18 {White threatens Qf8+ and mate.} Rg3+ 48. Ka4 Qa2+ 49. Kb5 {White wants to mate with Qf8+.} Rb3+ 50. Nb4 {Threatening mate with Qf8+.} Qxb2 51. Qf8+ {[%mdl 64] Double Attack. White mates.} Kh5 52. Qxh7+ Kg4 53. Qxg6+ {[%mdl 64] Double Attack} Kh3 54. Qfh6# {Accuracy: White = 36%, Black = 35%.} 1-0